Normal view
MARC view
- Scarry, John
Entry Personal Name
001 - CONTROL NUMBER
- control field: 7482
003 - CONTROL NUMBER IDENTIFIER
- control field: OSt
005 - DATE AND TIME OF LATEST TRANSACTION
- control field: 20170524084253.0
008 - FIXED-LENGTH DATA ELEMENTS
- fixed length control field: 170524|| aca||aabn | a|a d
040 ## - CATALOGING SOURCE
- Original cataloging agency: OSt
- Transcribing agency: OSt
100 ## - HEADING--PERSONAL NAME
- Personal name: Scarry, John
- Titles and other words associated with a name: (Professor)
- Relator term: joint author
670 ## - SOURCE DATA FOUND
- Source citation: Work cat.: (OSt): Kirby, Lee, 1940- 7479, From writers to writing :, c1978

PORTAL AKMAL
E-MEL JKDM
AKMAL2U
G-BAM
u-PUSTAKA